Countries Starting With S - Statistics

General Stats
  • This quiz has been taken 46 times
  • The average score is 22 of 27
Answer Stats
Country % Correct
South Korea
95%
South Africa
90%
South Sudan
90%
Sweden
90%
Syria
90%
Somalia
87%
Sudan
87%
Senegal
85%
Switzerland
85%
Saint Kitts and Nevis
82%
San Marino
82%
Serbia
82%
Slovakia
82%
Spain
82%
Swaziland
82%
Singapore
79%
Slovenia
79%
Suriname
79%
Saint Lucia
77%
Seychelles
74%
Sri Lanka
74%
Solomon Islands
72%
Sierra Leone
69%
Saint Vincent and the Grenadines
67%
Samoa
67%
Saudi Arabia
64%
Sao Tome and Principe
62%
No matching quizzes found
Score Distribution
Percent of People with Each Score
Percentile by Number Answered
Your Score History
You have not taken this quiz